LIBRARY & INFORMATION CENTRE, KCAET, TAVANUR

ONLINE PUBLIC ACCESS CATALOGUE (OPAC)

Standardisation and evaluation of thermal and non-thermal processing of ripe jackfruit / (Record no. 19468)

MARC details
000 -LEADER
fixed length control field 00476nam a22001697a 4500
003 - CONTROL NUMBER IDENTIFIER
control field OSt
082 ## - DEWEY DECIMAL CLASSIFICATION NUMBER
Classification number 664
Item number SAR/ST
088 ## - REPORT NUMBER
Report number T 644
100 ## - MAIN ENTRY--AUTHOR NAME
Personal name Saranya S
245 ## - TITLE STATEMENT
Title Standardisation and evaluation of thermal and non-thermal processing of ripe jackfruit /
260 ## - PUBLICATION, DISTRIBUTION, ETC. (IMPRINT)
Place of publication Tavanur :
Name of publisher Department of processing & food engineering ,
Year of publication 2025
300 ## - PHYSICAL DESCRIPTION
Number of Pages 327 p.
650 ## - SUBJECT ADDED ENTRY--TOPICAL TERM
Topical Term Thermal processing
650 ## - SUBJECT ADDED ENTRY--TOPICAL TERM
Topical Term Jackfruit
700 ## - ADDED ENTRY--PERSONAL NAME
Personal name Sudheer K. P
942 ## - ADDED ENTRY ELEMENTS (KOHA)
Koha item type Theses
Holdings
Collection code Home library Current library Full call number Accession Number Koha item type Public note
Reference KAUAET KAUAET 664 SAR/ST T 644 Theses PhD Thesis
free website counter